Normal view
MARC view
- التجارة الدولية-التجارة الالكترونية-التوقيع الالكتروني
Entry Topical Term
001 - CONTROL NUMBER
- control field: 28769
003 - CONTROL NUMBER IDENTIFIER
- control field: JO-AjAnu
005 - DATE AND TIME OF LATEST TRANSACTION
- control field: 20230606074854.0
008 - FIXED-LENGTH DATA ELEMENTS
- fixed length control field: 230606|| aca||aabn | a|a d
040 ## - CATALOGING SOURCE
- Original cataloging agency: JO-AjAnu
- Transcribing agency: JO-AjAnu
150 ## - HEADING--TOPICAL TERM
- Topical term or geographic name entry element: التجارة الدولية-التجارة الالكترونية-التوقيع الالكتروني
670 ## - SOURCE DATA FOUND
- Source citation: Work cat.: (JO-AjAnu)14766: الطيطي،خضر مصباح, author 28768, التجارة الالكترونية والاعمال الالكترونية: من منظور تقني وتجاري واداري=Electronic Commerce & Electronic Business: for Technical,Business&Managerial Perspective